Movie Quote to Actor #1 - Statistics

General Stats
  • This quiz has been taken 34,479 times
  • The average score is 12 of 20
Answer Stats
Quote Actor % Correct
Hasta la vista, baby Arnold Schwarzenegger
94%
My momma always said life was like a box of chocolates. You never know what you're gonna get. Tom Hanks
89%
Good morning, Vietnam! Robin Williams
77%
I'm the king of the world! Leonardo DiCaprio
76%
I ate his liver with some fava beans and a nice chianti Anthony Hopkins
66%
Why so serious? Heath Ledger
66%
They may take our lives, but they’ll never take…OUR FREEDOM! Mel Gibson
66%
Say hello to my little friend Al Pacino
65%
Shall we shag now, or shall we shag later? Mike Myers
64%
You can't handle the truth! Jack Nicholson
63%
Go ahead, make my day Clint Eastwood
62%
I pity the fool Mr. T
62%
I’m gonna make him an offer he can't refuse Marlon Brando
58%
Toto, I've a feeling we're not in Kansas any more Judy Garland
57%
Mrs. Robinson, you're trying to seduce me Dustin Hoffman
52%
Here’s looking at you, kid Humphrey Bogart
44%
Greed, for lack of a better word, is good Michael Douglas
41%
Frankly, my dear, I don’t give a damn Clark Gable
39%
You had me at hello Renee Zellweger
38%
Was it over when the Germans bombed Pearl Harbor? John Belushi
17%
No matching quizzes found
Score Distribution
Percent of People with Each Score
Percentile by Number Answered
Your Score History
You have not taken this quiz